| 000 | 00461cam a2200145 4500500 | ||
|---|---|---|---|
| 005 | 20260208022927.0 | ||
| 041 | _afre | ||
| 042 | _adc | ||
| 100 | 1 | 0 |
_aMorel-Brochet, Annabelle _eauthor |
| 245 | 0 | 0 | _aNSS Dialogues |
| 260 | _c2005. | ||
| 500 | _a7 | ||
| 786 | 0 | _nNatures Sciences Sociétés | 13 | 3 | 2005-09-01 | p. 359-362 | 1240-1307 | |
| 856 | 4 | 1 | _uhttps://stm.cairn.info/revue-natures-sciences-societes-2005-3-page-359?lang=fr&redirect-ssocas=7080 |
| 999 |
_c1661382 _d1661382 |
||